Statistics for Most Guessed Countries

Click here to take the quiz!

General Stats

  • This quiz has been taken 104 times
    (49 since last reset)
  • The average score is 14 of 16

Answer Stats

% guessedCountry% Correct
96%Canada
98%
95%Mexico
98%
94%Australia
96%
95%China
96%
97%United States
96%
94%Brazil
94%
94%France
94%
92%Germany
94%
96%Russia
94%
94%United Kingdom
94%
93%Italy
91%
92%Japan
89%
93%Spain
89%
92%India
81%
88%Ireland
77%
88%Iceland
36%

Score Distribution

Percentile by Number Answered

Percent of People with Each Score

Your Score History

You have not taken this quiz since the last reset